Presentations
Feeling stressed about your upcoming presentation? Whether you're nervous abuot how you'll organize your thoughts or how you'll articulate them on the big day, Presentations provides the quick guidelines and expert tips you need to craft your message, prepare and rehearse effectively,...
محفوظ في:
| التنسيق: | كتاب |
|---|---|
| اللغة: | Undetermined |
| منشور في: |
Boston
Harvard Business Review Press
2014
|
| الموضوعات: | |
| الوسوم: |
إضافة وسم
لا توجد وسوم, كن أول من يضع وسما على هذه التسجيلة!
|
| Thư viện lưu trữ: | Trung tâm Học liệu Trường Đại học Cần Thơ |
|---|
| LEADER | 00788nam a2200169Ia 4500 | ||
|---|---|---|---|
| 001 | CTU_231303 | ||
| 008 | 210402s9999 xx 000 0 und d | ||
| 082 | |a 658.452 | ||
| 082 | |b P933 | ||
| 245 | 0 | |a Presentations | |
| 260 | |a Boston | ||
| 260 | |b Harvard Business Review Press | ||
| 260 | |c 2014 | ||
| 520 | |a Feeling stressed about your upcoming presentation? Whether you're nervous abuot how you'll organize your thoughts or how you'll articulate them on the big day, Presentations provides the quick guidelines and expert tips you need to craft your message, prepare and rehearse effectively, engage your audience, manage Q&A sessions. | ||
| 650 | |a Thuyết trình kinh doanh,Business presentations | ||
| 910 | |b vtbtruc | ||
| 980 | |a Trung tâm Học liệu Trường Đại học Cần Thơ | ||